| 000 | 00578nam a2200193Ia 4500 | ||
|---|---|---|---|
| 005 | 20251006225607.0 | ||
| 008 | 251006t2001||||xx |||||||||||||| ||und|| | ||
| 040 | _aCBC | ||
| 100 | _aRosenthal, Joshua | ||
| 245 | _aLos caudillos liberales de la Salina de Chita: polĂticas de financiamiento en Boyacá durante el siglo XIX | ||
| 300 | _ap. 383-391 | ||
| 650 | _aHISTORIA ECONOMICA | ||
| 650 | _aHISTORIA SOCIAL | ||
| 650 | _aSAL | ||
| 650 | _aSIGLO XIX | ||
| 651 | _aCOLOMBIA | ||
| 773 | _aAnuario de historia regional y de las fronteras No. 6 (2001) | ||
| 942 | _tMJCh | ||
| 999 |
_c14094 _d14094 |
||